| 000 | 00634nam a2200217Ia 4500 | ||
|---|---|---|---|
| 005 | 20260629163255.0 | ||
| 008 | 260629s9999||||xx |||||||||||||| ||und|| | ||
| 020 |
_a9781409116462 _qpbk |
||
| 082 |
_a813.54 _bLUS |
||
| 100 | _aLustbader, Eric Van | ||
| 245 | 0 | _aRobert Ludlum's The Bourne imperative | |
| 260 |
_aLondon _bOrion Books _c2012 |
||
| 300 | _a435p. ; 23cm. | ||
| 490 | _aThe Bourne Series | ||
| 653 | _aBourne, Jason (Fictitious character)—Fiction | ||
| 653 | _aIntelligence officers—Fiction | ||
| 653 | _aInternational crime—Fiction | ||
| 653 | _aSpy stories | ||
| 653 | _aSuspense fiction | ||
| 942 | _cBK | ||
| 999 |
_c57335 _d57335 |
||